00427nam a2200109Ia 4500008004100000100002500041245008400066260006400150300001800214650001500232856007000247160712s9999 xx 000 0 und d aAbad, Heidi Eusebio. cHeidi Eusebio AbadaPesteng Buhay ‘To Mga Tulang Pambata Tungkol sa mga Peste c2013bJournal of English Studies and Comparative Literature avol. 13 no. 1 xLITERATURE uhttp://journals.upd.edu.ph/index.php/jescl/issue/view/410/showToc